[Event "Int SVK-ch Open 2020"]
[Site "Drienica"]
[Date "2020.08.07"]
[Round "1.1"]
[White "Panko, Radoslav"]
[Black "Budjac, Martin"]
[Result "1-0"]
[WhiteElo "2039"]
[BlackElo "1657"]
[Annotator "ChessBase"]
[PlyCount "49"]
[EventDate "2020.08.07"]
[EventType "swiss"]
[EventCountry "SVK"]
[SourceTitle "playchess.com"]
[Source "ChessBase"]
[SourceQuality "1"]
[TimeControl "40/5400+30:1800+30"]

1. b3 {[%emt 0:00:00]} d5 {[%emt 0:00:23]} 2. Bb2 {[%emt 0:00:02]} e6 {[%emt 0:00:29]} 3. e3 {[%emt 0:00:17]} Nf6 {[%emt 0:01:01]} 4. Nf3 {[%emt 0:00:24]} c5 {[%emt 0:01:16]} 5. d4 {[%emt 0:00:16]} Nc6 {[%emt 0:01:49]} 6. Nbd2 {[%emt 0:00:30]} Be7 {[%emt 0:02:11]} 7. Bd3 {[%emt 0:00:32]} Bd7 {[%emt 0:01:14]} 8. a3 {[%emt 0:00:15]} O-O {[%emt 0:02:55]} 9. O-O {[%emt 0:01:56]} cxd4 {[%emt 0:03:37]} 10. exd4 {[%emt 0:03:20]} a6 {[%emt 0:02:20]} 11. Ne5 {[%emt 0:00:46]} b5 {[%emt 0:02:02]} 12. f4 {[%emt 0:03:16]} Qc7 {[%emt 0:03:24]} 13. Qe2 {[%emt 0:02:26]} Ne8 {[%emt 0:09:59]} 14. Rf3 {[%emt 0:29:52]} f5 {[%emt 0:05:22]} 15. Re1 {[%emt 0:18:14]} Rf6 {[%emt 0:10:35]} 16. g4 {[%emt 0:03:20]} fxg4 {[%emt 0:09:14]} 17. Nxg4 {[%emt 0:03:28]} Rxf4 {[%emt 0:02:00]} 18. Rh3 {[%emt 0:02:35]} e5 {[%emt 0:08:24]} 19. Bxh7+ {[%emt 0:00:48]} Kf8 {[%emt 0:00:13]} 20. Bg6 {[%emt 0:00:47]} Kg8 {[%emt 0:10:04]} 21. Nxe5 {[%emt 0:13:45]} Bxh3 {[%emt 0:05:00]} 22. Qh5 {[%emt 0:00:07]} Rg4+ {[%emt 0:04:28]} 23. Nxg4 {[%emt 0:00:07]} Bxg4 {[%emt 0:00:09]} 24. Qh7+ {[%emt 0:00:07]} Kf8 {[%emt 0:00:11]} 25. Qh8# 1-0

[Event "Int SVK-ch Open 2020"]
[Site "Drienica"]
[Date "2020.08.07"]
[Round "1.1"]
[White "Bakalar Jan"]
[Black "Bures Jaroslav"]
[Result "0-1"]
[WhiteElo "1889"]
[BlackElo "2396"]
[Annotator "ChessBase"]
[PlyCount "58"]
[EventDate "2020.08.07"]
[EventType "swiss"]
[EventCountry "SVK"]
[SourceTitle "playchess.com"]
[Source "ChessBase"]
[SourceQuality "1"]
[TimeControl "40/5400+30:1800+30"]

1. e4 {[%emt 0:00:00]} c5 {[%emt 0:00:00]} 2. Nf3 {[%emt 0:00:00]} e6 {[%emt 0:00:00]} 3. d4 {[%emt 0:00:37]} cxd4 {[%emt 0:00:00]} 4. Nxd4 {[%emt 0:00:08]} Nc6 {[%emt 0:00:00]} 5. Nc3 {[%emt 0:00:44]} Qc7 {[%emt 0:00:32]} 6. g3 {[%emt 0:02:54]} d6 {[%emt 0:00:32]} 7. Bg2 {[%emt 0:00:29]} Bd7 {[%emt 0:00:03]} 8. O-O {[%emt 0:02:14]} Nf6 {[%emt 0:00:05]} 9. Kh1 {[%emt 0:02:25]} Be7 {[%emt 0:00:43]} 10. f4 {[%emt 0:04:18]} a6 {[%emt 0:01:12]} 11. f5 {[%emt 0:01:40]} Rc8 {[%emt 0:02:47]} 12. fxe6 {[%emt 0:12:36]} fxe6 {[%emt 0:00:08]} 13. Nxc6 {[%emt 0:01:09]} Bxc6 {[%emt 0:02:04]} 14. Be3 {[%emt 0:09:06]} b5 {[%emt 0:00:58]} 15. a3 {[%emt 0:03:03]} Qb7 {[%emt 0:01:20]} 16. Rxf6 {[%emt 0:04:31]} Bxf6 {[%emt 0:09:03]} 17. Qxd6 {[%emt 0:00:30]} Qe7 {[%emt 0:09:32]} 18. Qd2 {[%emt 0:04:36]} O-O {[%emt 0:00:30]} 19. Rb1 {[%emt 0:02:24]} Bxc3 {[%emt 0:03:43]} 20. bxc3 {[%emt 0:00:30]} Qxa3 {[%emt 0:02:25]} 21. Rb4 {[%emt 0:02:53]} Qa1+ {[%emt 0:00:30]} 22. Bg1 {[%emt 0:00:30]} Ba8 {[%emt 0:00:30]} 23. Qd7 {[%emt 0:02:49]} Qxc3 {[%emt 0:02:49]} 24. Qxe6+ {[%emt 0:01:35]} Kh8 {[%emt 0:00:08]} 25. Rd4 {[%emt 0:02:01]} a5 {[%emt 0:02:06]} 26. Rd7 {[%emt 0:02:47]} Rce8 {[%emt 0:04:01]} 27. Qg4 {[%emt 0:00:29]} Rd8 {[%emt 0:04:09]} 28. Re7 {[%emt 0:03:56]} Qa1 {[%emt 0:01:33]} 29. Bf3 {[%emt 0:01:11]} Qf6 {[%emt 0:00:20]} 0-1

[Event "Int SVK-ch Open 2020"]
[Site "Drienica"]
[Date "2020.08.07"]
[Round "1.2"]
[White "Czebe Attila"]
[Black "Marsina Stefan"]
[Result "1-0"]
[WhiteElo "2378"]
[BlackElo "1880"]
[Annotator "RC"]
[PlyCount "95"]
[EventDate "2020.08.07"]
[EventType "swiss"]
[EventCountry "SVK"]
[SourceTitle "playchess.com"]
[Source "ChessBase"]
[SourceQuality "1"]
[TimeControl "40/5400+30:1800+30"]

1. e4 {[%emt 0:00:00]} e6 {[%emt 0:00:00]} 2. Qe2 {[%emt 0:00:00]} c5 {[%emt 0:00:34]} 3. g3 {[%emt 0:00:54]} g6 {[%emt 0:00:27]} 4. Bg2 {[%emt 0:00:37]} Nc6 {[%emt 0:00:52]} 5. Nf3 {[%emt 0:00:43]} Bg7 {[%emt 0:00:46]} 6. O-O {[%emt 0:00:23]} Nge7 {[%emt 0:03:09]} 7. c3 {[%emt 0:02:54]} O-O {[%emt 0:01:09]} 8. d4 {[%emt 0:00:28]} cxd4 {[%emt 0:19:10]} 9. cxd4 {[%emt 0:00:12]} Nxd4 {[%emt 0:00:51]} 10. Nxd4 {[%emt 0:00:09]} Bxd4 {[%emt 0:00:04]} 11. Nc3 {[%emt 0:00:42]} Bg7 {[%emt 0:02:07]} 12. Nb5 {[%emt 0:00:52]} d5 {[%emt 0:05:01]} 13. Rd1 {[%emt 0:01:34]} a6 {[%emt 0:02:47]} 14. Nc3 {[%emt 0:00:04]} d4 {[%emt 0:00:49]} 15. e5 {[%emt 0:00:30]} Qa5 {[%emt 0:03:24]} 16. Rxd4 {[%emt 0:00:26]} Qxe5 {[%emt 0:01:45]} 17. Re4 {[%emt 0:00:05]} Qa5 {[%emt 0:02:39]} 18. Ra4 {[%emt 0:02:08]} Qc7 {[%emt 0:01:42]} 19. Rc4 {[%emt 0:04:04]} Nc6 {[%emt 0:09:58]} 20. Bf4 {[%emt 0:02:58]} e5 {[%emt 0:18:10]} 21. Be3 {[%emt 0:00:00]} Be6 {[%emt 0:00:30]} 22. Bd5 {[%emt 0:00:30]} Rad8 {[%emt 0:09:44]} 23. Bxe6 {[%emt 0:00:00]} fxe6 {[%emt 0:00:01]} 24. Ne4 {[%emt 0:00:11]} Rd5 {[%emt 0:01:42]} 25. Rac1 {[%emt 0:00:56]} Rfd8 {[%emt 0:04:26]} 26. Qg4 {[%emt 0:01:47]} Qf7 {[%emt 0:01:54]} 27. Bb6 {[%emt 0:03:30]} Rf8 {[%emt 0:01:04]} 28. Ng5 {[%emt 0:00:53]} Qf5 {[%emt 0:00:17]} 29. Nxe6 {[%emt 0:01:03]} Qxg4 {[%emt 0:01:00]} 30. Rxg4 {[%emt 0:00:04]} Rf6 {[%emt 0:00:31]} 31. Nxg7 {[%emt 0:08:37]} Kxg7 {[%emt 0:00:21]} 32. Be3 {[%emt 0:00:03]} Rfd6 {[%emt 0:00:22]} 33. Kg2 {[%emt 0:00:19]} Rd1 {[%emt 0:00:36]} 34. Rc3 {[%emt 0:00:48]} Kf6 {[%emt 0:01:23]} 35. Rgc4 {[%emt 0:07:53]} Ke6 {[%emt 0:01:41]} 36. Re4 {[%emt 0:01:29]} R1d3 {[%emt 0:01:36]} 37. Rc2 {[%emt 0:00:52]} Kf5 {[%emt 0:01:32]} 38. Rec4 {[%emt 0:02:08]} Ke6 {[%emt 0:00:10]} 39. Re2 {[%emt 0:00:29]} Rd1 {[%emt 0:01:26]} 40. Rc3 {[%emt 0:13:26]} R6d3 {[%emt 0:02:12]} 41. Rc4 {[%emt 0:33:44]} Kd5 {[%emt 0:32:07]} 42. b3 {[%emt 0:05:45]} Kd6 {[%emt 0:00:00]} 43. Rh4 {[%emt 0:00:00]} h5 {[%emt 0:00:00]} 44. Re4 {[%emt 0:00:00]} Rd5 {[%emt 0:00:00]} 45. Rc2 {[%emt 0:00:00]} Ke6 {[%emt 0:00:00]} 46. Ra4 {[%emt 0:00:00]} Rb5 {[%emt 0:00:00]} 47. Rc3 {[%emt 0:00:00]} Rb4 {[%emt 0:00:00]} 48. Rxc6+ {[%emt 0:00:00]} 1-0

[Event "Int SVK-ch Open 2020"]
[Site "Drienica"]
[Date "2020.08.07"]
[Round "1.2"]
[White "Cisarik, Pavol"]
[Black "Varga, Lukas"]
[Result "0-1"]
[WhiteElo "1646"]
[BlackElo "2036"]
[Annotator "ChessBase"]
[PlyCount "36"]
[EventDate "2020.08.07"]
[EventType "swiss"]
[EventCountry "SVK"]
[SourceTitle "playchess.com"]
[Source "ChessBase"]
[SourceQuality "1"]
[TimeControl "40/5400+30:1800+30"]

1. e4 {[%emt 0:00:00]} c5 {[%emt 0:00:20]} 2. c3 {[%emt 0:00:13]} d5 {[%emt 0:00:05]} 3. exd5 {[%emt 0:00:07]} Qxd5 {[%emt 0:00:05]} 4. Nf3 {[%emt 0:01:52]} Nf6 {[%emt 0:00:53]} 5. d4 {[%emt 0:01:49]} Bg4 {[%emt 0:01:32]} 6. Be2 {[%emt 0:00:25]} e6 {[%emt 0:01:40]} 7. c4 {[%emt 0:07:42]} Qd7 {[%emt 0:01:19]} 8. Be3 {[%emt 0:02:14]} cxd4 {[%emt 0:00:48]} 9. Qxd4 {[%emt 0:03:26]} Qc7 {[%emt 0:03:22]} 10. Nc3 {[%emt 0:03:51]} Nc6 {[%emt 0:00:50]} 11. Nb5 {[%emt 0:04:26]} Qb8 {[%emt 0:05:45]} 12. Bf4 {[%emt 0:05:45]} Nxd4 {[%emt 0:00:27]} 13. Bxb8 {[%emt 0:00:09]} Nxb5 {[%emt 0:00:12]} 14. Be5 {[%emt 0:01:49]} Nd6 {[%emt 0:01:51]} 15. O-O-O {[%emt 0:02:01]} Nde4 {[%emt 0:01:56]} 16. Rhf1 {[%emt 0:01:19]} Bc5 {[%emt 0:02:13]} 17. Nd4 {[%emt 0:01:00]} Bxd4 {[%emt 0:00:36]} 18. Bxg4 {[%emt 0:00:27]} Bxe5 {[%emt 0:00:14]} 0-1

[Event "Int SVK-ch Open 2020"]
[Site "Drienica"]
[Date "2020.08.07"]
[Round "1.3"]
[White "Garancovsky, Pavol"]
[Black "Ivanecka, Natalia"]
[Result "1-0"]
[WhiteElo "2027"]
[BlackElo "1641"]
[Annotator "ChessBase"]
[PlyCount "43"]
[EventDate "2020.08.07"]
[EventType "swiss"]
[EventCountry "SVK"]
[SourceTitle "playchess.com"]
[Source "ChessBase"]
[SourceQuality "1"]
[TimeControl "40/5400+30:1800+30"]

1. d4 {[%emt 0:00:26]} Nf6 {[%emt 0:00:00]} 2. g3 {[%emt 0:00:32]} e6 {[%emt 0:00:48]} 3. Bg2 {[%emt 0:00:23]} d5 {[%emt 0:00:30]} 4. Nf3 {[%emt 0:00:18]} c5 {[%emt 0:02:26]} 5. O-O {[%emt 0:00:17]} Nbd7 {[%emt 0:05:31]} 6. c4 {[%emt 0:01:34]} Be7 {[%emt 0:04:13]} 7. cxd5 {[%emt 0:03:57]} Nxd5 {[%emt 0:06:56]} 8. e4 {[%emt 0:03:00]} N5f6 {[%emt 0:00:20]} 9. Nc3 {[%emt 0:20:56]} cxd4 {[%emt 0:01:19]} 10. Qxd4 {[%emt 0:01:52]} Bc5 {[%emt 0:01:34]} 11. Qa4 {[%emt 0:02:38]} O-O {[%emt 0:03:03]} 12. Bg5 {[%emt 0:05:43]} Qb6 {[%emt 0:04:10]} 13. Qc2 {[%emt 0:01:56]} Qc6 {[%emt 0:02:20]} 14. Rad1 {[%emt 0:05:04]} h6 {[%emt 0:01:57]} 15. Bc1 {[%emt 0:09:59]} e5 {[%emt 0:02:20]} 16. Nd5 {[%emt 0:01:19]} Re8 {[%emt 0:03:51]} 17. Nh4 {[%emt 0:06:03]} Nf8 {[%emt 0:12:39]} 18. Nxf6+ {[%emt 0:06:12]} gxf6 {[%emt 0:02:49]} 19. Qe2 {[%emt 0:10:25]} Nh7 {[%emt 0:15:35]} 20. Nf5 {[%emt 0:04:09]} Bf8 {[%emt 0:08:28]} 21. Qh5 {[%emt 0:05:40]} Ng5 {[%emt 0:03:47]} 22. h4 {[%emt 0:00:43]} 1-0

[Event "Int SVK-ch Open 2020"]
[Site "Drienica"]
[Date "2020.08.07"]
[Round "1.3"]
[White "Nandrazi Dominik"]
[Black "Manik Mikulas"]
[Result "0-1"]
[WhiteElo "1878"]
[BlackElo "2366"]
[Annotator "ChessBase"]
[PlyCount "102"]
[EventDate "2020.08.07"]
[EventType "swiss"]
[EventCountry "SVK"]
[SourceTitle "playchess.com"]
[Source "ChessBase"]
[SourceQuality "1"]
[TimeControl "40/5400+30:1800+30"]

1. d4 {[%emt 0:00:00]} Nf6 {[%emt 0:00:00]} 2. Nc3 {[%emt 0:00:05]} d5 {[%emt 0:00:21]} 3. Bg5 {[%emt 0:00:29]} c6 {[%emt 0:00:07]} 4. Bxf6 {[%emt 0:01:11]} exf6 {[%emt 0:00:29]} 5. Nf3 {[%emt 0:01:17]} Qb6 {[%emt 0:02:14]} 6. Rb1 {[%emt 0:02:18]} f5 {[%emt 0:08:33]} 7. e3 {[%emt 0:01:29]} g6 {[%emt 0:01:00]} 8. Be2 {[%emt 0:02:05]} Bg7 {[%emt 0:00:12]} 9. b4 {[%emt 0:05:05]} O-O {[%emt 0:02:24]} 10. O-O {[%emt 0:07:55]} a6 {[%emt 0:04:52]} 11. a4 {[%emt 0:00:21]} Qc7 {[%emt 0:01:57]} 12. Re1 {[%emt 0:07:07]} a5 {[%emt 0:07:13]} 13. b5 {[%emt 0:03:33]} Be6 {[%emt 0:07:10]} 14. Ng5 {[%emt 0:03:44]} Nd7 {[%emt 0:03:44]} 15. Bf3 {[%emt 0:04:28]} Nf6 {[%emt 0:05:49]} 16. Ne2 {[%emt 0:01:27]} Bd7 {[%emt 0:02:05]} 17. bxc6 {[%emt 0:11:31]} bxc6 {[%emt 0:04:12]} 18. Nh3 {[%emt 0:03:31]} Rfb8 {[%emt 0:05:10]} 19. Nhf4 {[%emt 0:01:09]} Rxb1 {[%emt 0:00:57]} 20. Qxb1 {[%emt 0:00:06]} g5 {[%emt 0:00:13]} 21. Nh5 {[%emt 0:00:32]} g4 {[%emt 0:02:10]} 22. Nxf6+ {[%emt 0:01:57]} Bxf6 {[%emt 0:00:03]} 23. Bxd5 {[%emt 0:00:41]} cxd5 {[%emt 0:00:12]} 24. Nf4 {[%emt 0:00:04]} Qc4 {[%emt 0:07:03]} 25. Qb7 {[%emt 0:02:42]} Bc6 {[%emt 0:01:12]} 26. Qc7 {[%emt 0:00:28]} Bxa4 {[%emt 0:00:34]} 27. Qd6 {[%emt 0:00:08]} Qc6 {[%emt 0:01:11]} 28. Qa3 {[%emt 0:00:16]} Bb5 {[%emt 0:07:57]} 29. h3 {[%emt 0:01:40]} gxh3 {[%emt 0:02:44]} 30. e4 {[%emt 0:01:32]} dxe4 {[%emt 0:00:50]} 31. Qg3+ {[%emt 0:00:51]} Kh8 {[%emt 0:00:14]} 32. Qxh3 {[%emt 0:01:07]} Re8 {[%emt 0:07:06]} 33. d5 {[%emt 0:02:54]} Qc3 {[%emt 0:00:47]} 34. Re3 {[%emt 0:00:03]} Qa1+ {[%emt 0:00:21]} 35. Kh2 {[%emt 0:00:01]} Qe5 {[%emt 0:00:54]} 36. Qh6 {[%emt 0:00:33]} Qxf4+ {[%emt 0:05:00]} 37. Qxf4 {[%emt 0:00:01]} Be5 {[%emt 0:00:09]} 38. Qxe5+ {[%emt 0:00:04]} Rxe5 {[%emt 0:00:04]} 39. Ra3 {[%emt 0:00:04]} a4 {[%emt 0:00:33]} 40. c4 {[%emt 0:00:05]} Bxc4 {[%emt 0:00:09]} 41. Rxa4 {[%emt 0:30:05]} Bxd5 {[%emt 0:30:11]} 42. Kg3 {[%emt 0:00:08]} e3 {[%emt 0:00:30]} 43. fxe3 {[%emt 0:00:15]} Rxe3+ {[%emt 0:00:08]} 44. Kf2 {[%emt 0:00:04]} Re4 {[%emt 0:00:13]} 45. Ra5 {[%emt 0:00:14]} Be6 {[%emt 0:00:08]} 46. Kf3 {[%emt 0:00:42]} Kg7 {[%emt 0:00:08]} 47. g3 {[%emt 0:00:20]} h5 {[%emt 0:00:04]} 48. Ra1 {[%emt 0:00:21]} h4 {[%emt 0:00:08]} 49. gxh4 {[%emt 0:00:14]} Rxh4 {[%emt 0:00:07]} 50. Kg3 {[%emt 0:00:31]} Rg4+ {[%emt 0:00:06]} 51. Kf2 {[%emt 0:00:08]} f4 {[%emt 0:00:06]} 0-1

[Event "Int SVK-ch Open 2020"]
[Site "Drienica"]
[Date "2020.08.07"]
[Round "1.4"]
[White "Orsag Milan"]
[Black "Zahradnik Vladimir"]
[Result "1/2-1/2"]
[WhiteElo "2300"]
[BlackElo "1874"]
[Annotator "RC"]
[PlyCount "98"]
[EventDate "2020.08.07"]
[EventType "swiss"]
[EventCountry "SVK"]
[SourceTitle "playchess.com"]
[Source "ChessBase"]
[SourceQuality "1"]
[TimeControl "40/5400+30:1800+30"]

1. d4 {[%emt 0:00:00]} Nf6 {[%emt 0:00:00]} 2. Nf3 {[%emt 0:00:13]} b6 {[%emt 0:00:41]} 3. g3 {[%emt 0:01:48]} Bb7 {[%emt 0:00:00]} 4. Bg2 {[%emt 0:00:09]} e6 {[%emt 0:00:47]} 5. c4 {[%emt 0:02:16]} Bb4+ {[%emt 0:00:46]} 6. Bd2 {[%emt 0:00:11]} Bxd2+ {[%emt 0:00:24]} 7. Nbxd2 {[%emt 0:00:10]} O-O {[%emt 0:00:14]} 8. Qc2 {[%emt 0:02:12]} d5 {[%emt 0:08:39]} 9. O-O {[%emt 0:03:19]} Na6 {[%emt 0:01:52]} 10. cxd5 {[%emt 0:07:14]} exd5 {[%emt 0:01:30]} 11. Rac1 {[%emt 0:02:29]} c5 {[%emt 0:00:29]} 12. a3 {[%emt 0:11:53]} Ne4 {[%emt 0:05:58]} 13. dxc5 {[%emt 0:14:41]} Naxc5 {[%emt 0:00:17]} 14. b4 {[%emt 0:05:01]} Ne6 {[%emt 0:02:42]} 15. Ne5 {[%emt 0:13:56]} Nd4 {[%emt 0:04:18]} 16. Qd3 {[%emt 0:06:43]} Nxd2 {[%emt 0:00:13]} 17. Qxd2 {[%emt 0:00:28]} Nb3 {[%emt 0:00:07]} 18. Qd3 {[%emt 0:03:27]} Nxc1 {[%emt 0:00:12]} 19. Rxc1 {[%emt 0:00:02]} Qe7 {[%emt 0:03:11]} 20. Nf3 {[%emt 0:01:27]} Rac8 {[%emt 0:01:01]} 21. Rd1 {[%emt 0:01:01]} Rc4 {[%emt 0:03:06]} 22. Nd4 {[%emt 0:02:01]} Rfc8 {[%emt 0:03:26]} 23. Bh3 {[%emt 0:03:31]} Rd8 {[%emt 0:01:04]} 24. e3 {[%emt 0:02:45]} g6 {[%emt 0:01:45]} 25. Bg2 {[%emt 0:01:10]} a6 {[%emt 0:00:41]} 26. h4 {[%emt 0:00:26]} Qc7 {[%emt 0:06:53]} 27. Ne2 {[%emt 0:02:52]} b5 {[%emt 0:01:12]} 28. h5 {[%emt 0:03:04]} Kg7 {[%emt 0:03:05]} 29. Nd4 {[%emt 0:04:50]} Qe5 {[%emt 0:01:54]} 30. Bf3 {[%emt 0:00:36]} Rdc8 {[%emt 0:01:05]} 31. Qd2 {[%emt 0:00:39]} h6 {[%emt 0:01:37]} 32. hxg6 {[%emt 0:00:46]} fxg6 {[%emt 0:00:09]} 33. Kg2 {[%emt 0:00:19]} Re8 {[%emt 0:05:33]} 34. Rh1 {[%emt 0:00:26]} Bc8 {[%emt 0:03:08]} 35. g4 {[%emt 0:03:09]} Qg5 {[%emt 0:01:13]} 36. Kg3 {[%emt 0:01:26]} h5 {[%emt 0:12:31]} 37. Rh4 {[%emt 0:00:30]} Bd7 {[%emt 0:01:00]} 38. Be2 {[%emt 0:00:30]} Qe5+ {[%emt 0:02:12]} 39. f4 {[%emt 0:00:54]} Qxe3+ {[%emt 0:00:19]} 40. Qxe3 {[%emt 0:00:04]} Rxe3+ {[%emt 0:00:07]} 41. Kf2 {[%emt 0:30:02]} Rxa3 {[%emt 0:30:44]} 42. Bxc4 {[%emt 0:00:25]} dxc4 {[%emt 0:01:07]} 43. gxh5 {[%emt 0:00:17]} gxh5 {[%emt 0:09:16]} 44. Rxh5 {[%emt 0:00:10]} a5 {[%emt 0:00:31]} 45. Rd5 {[%emt 0:02:05]} Be8 {[%emt 0:01:15]} 46. bxa5 {[%emt 0:00:37]} Rxa5 {[%emt 0:00:18]} 47. Rc5 {[%emt 0:00:00]} Ra3 {[%emt 0:00:00]} 48. Nxb5 {[%emt 0:00:00]} Bxb5 {[%emt 0:00:00]} 49. Rxb5 {[%emt 0:00:00]} Rb3 {[%emt 0:00:00]} 1/2-1/2

[Event "Int SVK-ch Open 2020"]
[Site "Drienica"]
[Date "2020.08.07"]
[Round "1.4"]
[White "Ganzova, Veronika"]
[Black "Konyves, Almos"]
[Result "0-1"]
[WhiteElo "1614"]
[BlackElo "2023"]
[Annotator "TA"]
[PlyCount "128"]
[EventDate "2020.08.07"]
[EventType "swiss"]
[EventCountry "SVK"]
[SourceTitle "playchess.com"]
[Source "ChessBase"]
[SourceQuality "1"]

{[%evp 21,128,-8,15,-11,0,-52,-42,-38,-39,-28,-27,-46,-53,-57,-57,-59,-64,-234,-233,-231,-239,-215,-211,-266,-229,-246,-219,-222,-223,-247,-238,-266,-272,-264,-241,-284,-280,-283,-6,-9,-4,-136,-139,-135,-54,-55,33,0,0,0,0,0,0,0,0,0,0,0,0,-4,-2,-2,-4,-8,0,0,0,0,0,-13,-9,-14,-24,-117,-117,-117,-117,-118,-118,-118,-117,-118,-118,-118,-118,-126,-118,-118,-118,-126,-126,-136,-126,-126,-117,-117,-117,-117,-13,-136,0,-117,-117,-117,-101,-154,-101,-29974,-29975]} 1. e4 c5 2. Nf3 Nc6 3. c3 d5 4. exd5 Qxd5 5. d4 Nf6 6. Be2 cxd4 7. cxd4 e6 8. Nc3 Qd8 9. O-O Be7 10. Bf4 O-O 11. Bc4 Nb4 12. Qb3 {D40: Queen's Gambit Declined: Semi-Tarrasch with 5 e3.} b6 {[#]} 13. Nb5 $146 (13. a3 $11 Nc6 14. Qd1) ({Predecessor:} 13. a3 Nbd5 14. Nxd5 Nxd5 15. Bxd5 exd5 16. Rac1 Be6 17. Rc3 Bf6 18. Rfc1 Rc8 19. Qc2 Rxc3 20. Qxc3 {½-½ (39) Vorisek,J (1616)-Pychova,N (2006) Ricany 2014}) 13... Nbd5 14. Be5 {Black is slightly better.} a6 15. Nc3 Bb7 16. Rfe1 Nxc3 17. Qxc3 Rc8 $36 {[%mdl 2048] Black is pushing.} 18. Qd3 Bxf3 19. Bxa6 $2 ({White must play} 19. gxf3 $15 b5 20. Bb3) 19... Bd5 20. Bxc8 Qxc8 21. a3 Qa8 22. f3 Nd7 23. Bf4 Qa4 24. Rac1 Bf6 25. Be3 Nb8 26. Rc3 Nc6 27. Rd1 b5 28. b3 Qxa3 29. Qxb5 Nxd4 $2 (29... Ne7 $19 30. Rdc1 Qd6) 30. Rxd4 $11 Qb2 31. Rcd3 {[#]} (31. Qd3 $11) 31... Qe2 $1 $17 {[%cal Re2e1][%mdl 512]} 32. h3 Be5 (32... Qe1+ $1 $17 33. Kh2 Be5+ 34. Bf4 Bxf4+ 35. Rxf4 Qe5) 33. Bf2 $15 Rc8 (33... Bxd4 $15 34. Bxd4 h6) 34. Rc4 (34. Rc3 $5 {[%cal Rc3c8]} Qxf2+ 35. Kxf2 Bxd4+ 36. Re3 $14) 34... Bxc4 35. Qxc4 {[%cal Rc4c8]} Rf8 $1 36. Re3 {[#]} Bh2+ $1 {[%mdl 512]} 37. Kxh2 Qxf2 $11 {[%mdl 4096] Endgame KQR-KQR} 38. Rc3 h6 39. Rc2 Qe1 40. Rc1 Qe5+ 41. Kh1 Rd8 42. Qc2 g5 43. b4 Rb8 44. Qb3 Rb5 45. Rc4 Rd5 46. Rc1 Rd2 47. Qc4 {[#]} (47. Rb1 $1 $11) 47... Qb2 $1 $17 48. Rg1 {[#]} Rd4 $1 {[%cal Rd4c4]} 49. Qc8+ Kg7 50. b5 Rb4 51. Rd1 Rxb5 52. Qc4 Qe5 53. Qc2 Rb2 54. Qc1 Re2 55. Rg1 h5 56. Qd1 Rf2 57. Qc1 Qg3 {aiming for ...Rxf3!} 58. Qc3+ e5 {White must now prevent ...g4.} 59. Qe3 Kh6 (59... h4 $17 60. Qe4 Rd2) 60. Qc3 (60. Qb3 $1 $11) 60... Kg7 {...g4 is the strong threat.} 61. Qe3 $1 Rb2 62. Qc3 Rb6 63. Qc5 ({White should try} 63. Qe3 Rb2 64. Qc1) 63... Rg6 ({Black should play} 63... Rf6 {Hoping for ...Rxf3!} 64. Qd5 g4 65. fxg4 hxg4) 64. Qe3 $2 {[%mdl 8192]} (64. Rf1 $17) 64... g4 {Accuracy: White = 64%, Black = 80%.} 0-1

[Event "Int SVK-ch Open 2020"]
[Site "Drienica"]
[Date "2020.08.07"]
[Round "1.5"]
[White "Djubek, Boris"]
[Black "Furman, Maximilian Jan"]
[Result "1/2-1/2"]
[WhiteElo "2019"]
[BlackElo "1610"]
[Annotator "TA"]
[PlyCount "96"]
[EventDate "2020.08.07"]
[EventType "swiss"]
[EventCountry "SVK"]
[SourceTitle "playchess.com"]
[Source "ChessBase"]
[SourceQuality "1"]

{[%evp 9,96,0,9,2,14,0,-4,-6,0,13,18,-9,40,32,44,27,32,0,50,40,42,52,37,17,98,15,33,50,47,43,103,103,105,16,17,15,57,0,32,24,51,64,70,55,59,25,22,0,41,0,68,0,47,24,33,0,54,0,0,0,26,44,40,10,17,6,4,0,0,0,0,0,0,0,0,0,0,0,0,-7,0,0,0,0,0,0,0,0,0]} 1. d4 d5 2. Nf3 Nf6 3. c4 c6 4. Nc3 e6 5. Qd3 Nbd7 6. g3 {D43: Semi-Slav: 5 Bg5 h6.} Bd6 7. Bf4 {[#]} Bxf4 $146 ({Predecessor:} 7... dxc4 8. Qxc4 Nb6 9. Qd3 Nfd5 10. Bxd6 Qxd6 11. Bg2 Nb4 12. Qd1 O-O 13. O-O Nc4 {1-0 (31) Alfaro Caracas,W (2167)-Marino,F (1624) Cordeiropolis 2013}) 8. gxf4 b6 9. Ne5 Bb7 10. cxd5 exd5 11. Bh3 Qe7 12. Rg1 g6 13. Rg5 h6 14. Rg3 Nxe5 $1 15. fxe5 Nh5 16. Rf3 Qg5 (16... O-O $11) 17. e3 (17. Nxd5 $16 {Black must now prevent Nc7+.} cxd5 18. Qb5+ Kf8 {[#]} 19. Qd7 $1 {[%mdl 512]}) 17... Qg1+ 18. Qf1 Qxf1+ $1 19. Kxf1 Ng7 (19... f5 $14) 20. Rc1 $16 O-O 21. Rf6 (21. Ne2 $16) 21... Ne8 $1 $11 {[%cal Re8f6]} 22. Rf4 Rd8 23. Ke2 (23. Rf3 $14) 23... Ng7 (23... f5 {is more complex.} 24. Kd2 Ng7 25. Ne2 g5 26. Rf3 c5) 24. Rg1 Bc8 25. Bxc8 Rxc8 26. Kd3 Rfd8 27. Rh4 Nf5 28. Rf4 {[#] Threatens to win with Rxf5.} (28. Rhg4 {keeps more tension.} Kf8 29. Rf4 Ke7 30. b4 Ke6 31. Ne2) 28... Ng7 29. b4 Rd7 ({Black should try} 29... c5 $11) 30. Rb1 ({Better is} 30. Rf6 $14) 30... Kf8 31. Ne2 Ne6 32. Rh4 h5 (32... Kg7 $11) 33. f4 (33. Rc1 $14) 33... Ng7 $1 34. Rh3 Nf5 35. Ng3 Nxg3 36. Rxg3 $14 {[%mdl 4096] Endgame KRR-KRR} c5 {The position is equal.} 37. bxc5 bxc5 38. dxc5 Rxc5 39. e6 Re7 40. Rb8+ Re8 41. Rxe8+ Kxe8 42. exf7+ Kxf7 $11 {KR-KR} 43. Rg5 Ra5 44. f5 Rxa2 45. fxg6+ Kg7 46. Rxh5 Kxg6 47. Rxd5 Rxh2 48. Ra5 Rh7 {Accuracy: White = 64%, Black = 67%.} 1/2-1/2